ATCC/Supercars Champions - Statistics

General Stats
  • This quiz has been taken 12 times
  • The average score is 43 of 62
Answer Stats
Hint Answer % Correct
1999 Craig Lowndes
100%
1998 Craig Lowndes
100%
1996 Craig Lowndes
100%
2015 Mark Winterbottom
100%
1983 Allan Moffat
89%
1977 Allan Moffat
89%
1976 Allan Moffat
89%
1973 Allan Moffat
89%
1988 Dick Johnson
89%
1984 Dick Johnson
89%
1982 Dick Johnson
89%
1981 Dick Johnson
89%
2010 James Courtney
89%
2017 Jamie Whincup
89%
2014 Jamie Whincup
89%
2013 Jamie Whincup
89%
2012 Jamie Whincup
89%
2011 Jamie Whincup
89%
2009 Jamie Whincup
89%
2008 Jamie Whincup
89%
2020 Scott McLaughlin
89%
2019 Scott McLaughlin
89%
2018 Scott McLaughlin
89%
2021 Shane van Gisbergen
89%
2016 Shane van Gisbergen
89%
2007 Garth Tander
78%
1995 John Bowe
78%
1980 Peter Brock
78%
1978 Peter Brock
78%
1974 Peter Brock
78%
2006 Rick Kelly
78%
1972 Bob Jane
67%
1971 Bob Jane
67%
1963 Bob Jane
67%
1962 Bob Jane
67%
1997 Glenn Seton
67%
1993 Glenn Seton
67%
1991 Jim Richards
67%
1990 Jim Richards
67%
1987 jim Richards
67%
1985 Jim Richards
67%
2004 Marcos Ambrose
67%
2003 Marcos Ambrose
67%
2005 Russell Ingall
67%
1960 David McKay
56%
2002 Mark Scaife
56%
2001 Mark Scaife
56%
2000 Mark Scaife
56%
1994 Mark Scaife
56%
1992 Mark Scaife
56%
1979 Bob Morris
44%
1969 Ian Geoghegan
33%
1968 Ian Geoghegan
33%
1967 Ian Geoghegan
33%
1966 Ian Geoghegan
33%
1964 Ian Geoghegan
33%
1970 Norm Beechey
33%
1965 Norm Beechey
33%
1975 Colin Bond
22%
1986 Robbie Francevic
22%
1961 Bill Pitt
11%
1989 Dick Jonhson
11%
No matching quizzes found
Score Distribution
Percent of People with Each Score
Percentile by Number Answered
Your Score History
You have not taken this quiz